La Capilla de los Medina Picazo en la Iglesia de Regina Coeli (Record no. 1261)

MARC details
000 -CABECERA
campo de control de longitud fija 00638nam a2200193 a 4500
001 - NÚMERO DE CONTROL
campo de control BRCA_1399
005 - FECHA Y HORA DE LA ÚLTIMA TRANSACCIÓN
campo de control 20190320203418.0
008 - DATOS DE LONGITUD FIJA--INFORMACIÓN GENERAL
campo de control de longitud fija 760322s1971 mx-a---###---#000-0#spa-#
050 #4 - SIGNATURA TOPOGRÁFICA DE LA BIBLIOTECA DEL CONGRESO
Número de clasificación NA5257.M4
Número de documento/Ítem .O27 1971
100 1# - ENTRADA PRINCIPAL--NOMBRE DE PERSONA
Nombre de persona Obregón, Gonzalo
9 (RLIN) 811
245 10 - MENCIÓN DE TÍTULO
Título La Capilla de los Medina Picazo en la Iglesia de Regina Coeli
Mención de responsabilidad, etc. Gonzalo Obregón.
260 ## - PUBLICACIÓN, DISTRIBUCIÓN, ETC.
Lugar de publicación, distribución, etc. México
Nombre del editor, distribuidor, etc. INAH
Fecha de publicación, distribución, etc. 1971
300 ## - DESCRIPCIÓN FÍSICA
Extensión 79 p.
Otras características físicas il.
Dimensiones 24 cm.
440 #0 - MENCIÓN DE SERIE/PUNTO DE ACCESO ADICIONAL--TÍTULO
Título Departamento de Monumentos Coloniales
Número de parte o sección de la obra 24
9 (RLIN) 4577
500 ## - NOTA GENERAL
Nota general Incluye apéndices
504 ## - NOTA DE BIBLIOGRAFÍA, ETC.
Nota de bibliografía, etc. Incluye referencias bibliográficas
610 24 - PUNTO DE ACCESO ADICIONAL DE MATERIA--NOMBRE DE ENTIDAD CORPORATIVA
Nombre de entidad corporativa o nombre de jurisdicción como elemento de entrada México (Ciudad)
Unidad subordinada Regina Coeli (Iglesia)
9 (RLIN) 4578
942 ## - ELEMENTOS DE PUNTO DE ACCESO ADICIONAL (KOHA)
Fuente del sistema de clasificación o colocación Library of Congress Classification
Tipo de ítem Koha Libros
Holdings
Estado de retiro Estado de pérdida Estado dañado No para préstamo Localización permanente Ubicación/localización actual Fecha de adquisición Total de préstamos Signatura topográfica completa Código de barras Fecha visto por última vez Precio válido a partir de Tipo de ítem Koha
El ejemplar forma parte de la colección y puede ser consultado según las políticas vigentes.       Biblioteca del Museo Franz Mayer (Rogerio Casas-Alatriste) Biblioteca del Museo Franz Mayer (Rogerio Casas-Alatriste) 26/06/2008   NA5257.M4 .O27 1971 01921 22/03/2019 22/03/2019 Libros